| 000 | 00000nam##2200000za#4500 |
| 001 | 9.700378 |
| 003 | CaOODSP |
| 005 | 20210625000815 |
| 007 | cr ||||||||||| |
| 008 | 150407|2015||||xxc|||||o f|0| 0 eng|d |
| 020 | |a978-1-100-25747-1 |
| 040 | |aCaOODSP|beng |
| 043 | |an-cn--- |
| 086 | 1 |aBC92-80/2015E-PDF |
| 110 | 2 |aCanadian Radio-television and Telecommunications Commission. |
| 245 | 10|aResults of the fact-finding process on the role of payphones in the Canadian communications system |h[electronic resource] |
| 260 | |aOttawa - Ontario : |bCanadian Radio-television and Telecommunications Commission |c2015. |
| 300 | |a31p.|bgraphs, tables |
| 590 | |a15-10|b2015-03-06 |
| 690 | 07|aTelephones|2gcpds |
| 775 | 08|tRésultats de la procédure d'établissement des faits concernant le rôle des téléphones payants dans le système canadien des communications |w(CaOODSP)9.644274 |
| 856 | 40|ahttp://publications.gc.ca|qPDF|s618 KB|uhttps://publications.gc.ca/collections/collection_2015/crtc/BC92-80-2015-eng.pdf |